000 00636nam a2200253Ia 4500
005 20260121161211.0
008 008 260114s9999 xx 000 0 eng d
020 _a9781032710884
037 _aEBOOK
040 _aCRL
040 _beng
040 _cCRL
041 _2eng
041 _aeng
084 _qCRL
100 _aDimitrios Kivotidis
_91041454
245 4 _aThe Dialectics of Democracy:Towards a Socialist Constitutionalism
260 _bTaylor and Francis
260 _c2024
856 _uhttp://www.taylorfrancis.com/books/9781032710884
942 _cEBOOK
999 _c1608270
_d1608270